Ensayos de derecho procesal civil /

Bibliographic Details
Main Author: Chiovenda, Giuseppe, 1872-1937 (Author)
Other Authors: Sentís Melendo, Santiago (Translator), Ríos Muñoz, Luis Patricio (contributor agent of text.)
Format: Electronic eBook
Language:Spanish
Italian
Published: Santiago, Chile : Ediciones Olejnik, [2022]
Series:Biblioteca de derecho procesal civil.
Subjects:
Online Access:Digitalia Hispánica

MARC

LEADER 00000nam a2200000Ii 4500
001 DIGOLEJNK1254
003 NyNyDIG
006 m o d
007 cr |||||||||||
008 250902s2022 cl o 000 0 spa d
035 |a (OCoLC)1427227175 
040 |a DGITA  |b eng  |e rda  |e pn  |c DGITA 
041 1 |a spa  |h ita 
020 |z 9789564071589 
043 |a e-it--- 
050 1 4 |a KKH1710 ebook 
100 1 |a Chiovenda, Giuseppe,  |d 1872-1937,  |e author. 
240 1 0 |a Saggi di diritto processuale civile.  |l Spanish  |s (Sentís Melendo) 
245 1 0 |a Ensayos de derecho procesal civil /  |c Giuseppe Chiovenda ; advertencia preliminar a una «selección» de ensayos de derecho procesal civil de Giuseppe Chiovenda, Luis Patricio Ríos Muñoz ; traducción de Santiago Sentís Melendo. 
264 1 |a Santiago, Chile :  |b Ediciones Olejnik,  |c [2022] 
300 |a 1 online resource. 
336 |a text  |b txt  |2 rdacontent 
337 |a computer  |b c  |2 rdamedia 
338 |a online resource  |b cr  |2 rdacarrier 
347 |a text file  |2 rdaft 
347 |b PDF 
490 1 |a Biblioteca de derecho procesal civil  
588 0 |a Online resource; title from PDF title page (Digitalia, viewed September 2, 2025) 
650 0 |a Civil procedure  |z Italy. 
700 1 |a Sentís Melendo, Santiago,  |e translator.  
700 1 |a Ríos Muñoz, Luis Patricio,  |e contributor agent of text. 
700 1 |i Translation of:  |a Chiovenda, Giuseppe,  |d 1872-1937.  |t Saggi di diritto processuale civile. 
791 2 |a Digitalia (Firm),  |e distributor. 
793 0 |g Digitalia eBook Collection:  |a Ediciones Olejnik 
776 0 8 |i Print version:  |a Chiovenda, Giuseppe, 1872-1937.  |s Saggi di diritto processuale civile. Spanish (Sentís Melendo).  |t Ensayos de derecho procesal civil.  |b Primera edición en Ediciones Olejnik.  |d Santiago, Chile : Ediciones Olejnik, 2022  |z 9789564071589 
830 0 |a Biblioteca de derecho procesal civil.  
856 4 0 |3 Digitalia Hispánica  |u https://www.digitaliapublishing.com/a/157760/ 
910 |a Premium collection: 2025